Avengers quiz - Statistics

General Stats
  • This quiz has been taken 530 times
  • The average score is 7 of 15
Answer Stats
Hint Answer % Correct
Make a move, Reindeer Games... Iron Man
91%
I thought humans were more evolved than this Thor
85%
Smash! Captain America
81%
I'm not the one who's out of time Captain America
81%
That guy's brain is a bag full of cats Bruce Banner
62%
He could achieve heavy ion fusion at any reactor on the planet Bruce Banner
62%
I missed you too. Loki
62%
I thought the beast had wandered off... Loki
62%
Let me know if 'real power' wants a magazine or something... Nick Fury
58%
I watched you while you were sleeping... Phil Coulson
39%
Loki has them under some kind of spell Black Widow/Natasha Romanoff
1%
Puny god Hulk/Bruce Banner
1%
Are you an alien? security guard
1%
Better clench up, Legolas Tony Stark/Iron Man
1%
His first name is 'Agent' Tony Stark/Iron Man
1%
No matching quizzes found
Score Distribution
Percent of People with Each Score
Percentile by Number Answered
Your Score History
You have not taken this quiz